000 00422nam a22001577a 4500
003 BD-ChCU
005 20260506102150.0
008 260506b bg ||||| |||| 00| 0 ben d
040 _cBD-ChCU
082 _a330.122 TRE
245 _aTrends in American capitalism :
_bprofit and living standards .
260 _aNew York :
_bInternational ,
_cC 1948
300 _a128p
650 0 _aCapital.
_922467
942 _2ddc
_cBK
_n0
999 _c112713
_d112713